00485cam a2200181 i 4500001000800000005001700008008004100025010001700066020001500083040001800098041000800116080001500124082001500139100000600154101000800160245010500168504003000273463021520180215071650.0790711s1979 iaua b 001 0 eng  a 78061702  a0697071634 aDLCcDLCdDLC aeng a612.76 NOR00a612.76 NOR1 a8 aEKF10aIntroduction to biomechanic analysis of sport /cJohn W. Northrip, Gene A. Logan, Wayne C. McKinney. aBibliography: p. 303-306.